| 000 | 00705nas a2200229 4500 | ||
|---|---|---|---|
| 001 | BR7904601 | ||
| 003 | BR-BrBNA | ||
| 005 | 20231205083833.0 | ||
| 007 | ta | ||
| 008 | 230509b bl.|||p| |||| 00| 00por d | ||
| 040 |
_aBR-BrBNA _bpor _cBiblioteca Nacional de Agricultura |
||
| 041 | _a(Pt) | ||
| 072 | _aE10 | ||
| 100 | 1 | _aIpanema, M. de | |
| 245 | 1 | _aLitoral desvastado pela especulacao imobilaria [Posse de terra; Imovel] | |
| 650 | _aMacroeconomia | ||
| 650 | _aPosse de terra | ||
| 650 | _aDistribuicao de Terra | ||
| 773 | 0 |
_tAgricultura. A Forca Verde (Brazil) _xISSN 0100-5650 _g(Jun 1979), v. 2(19) p. 53-57 _wBR7904601 |
|
| 909 |
_a202311 _bLúcia _c55 _dLúcia Elande |
||
| 942 |
_2AGRIS _n0 _cANA |
||
| 999 |
_c101502 _d101502 |
||